[Event "Patras op"]
[Site "Patras"]
[Date "2002.08.07"]
[Round "8.41"]
[White "Paschos, G."]
[Black "Aggelatos, G."]
[Result "0-1"]
[WhiteElo "1365"]
[BlackElo "1290"]
[PlyCount "116"]
[EventDate "2002.08.??"]
[EventType "swiss"]
[EventRounds "9"]
[EventCountry "GRE"]
[SourceTitle "CBM 089 Extra"]
[Source "ChessBase"]
[SourceDate "2002.09.10"]
[SourceVersion "2"]
[SourceVersionDate "2002.09.10"]
[SourceQuality "1"]

1. d4 Nf6 2. c4 e6 3. Nc3 d5 4. Bg5 Nbd7 5. Nf3 Be7 6. e3 b6 7. Bd3 Bb7 8. 0-0 Ng8 9. Bxe7 Nxe7 10. Rc1 0-0 11. Re1 c5 12. cxd5 exd5 13. Ng5 Ng6 14. Qh5 Nf6 15. Qh3 Bc8 16. Bf5 Bxf5 17. Qxf5 h6 18. Nf3 Qc8 19. Qxc8 Raxc8 20. dxc5 bxc5 21. Red1 Rfd8 22. Nb5 Rd7 23. Rc2 a6 24. Nc3 Re8 25. Rcd2 Ne7 26. Ne5 Rd6 27. b3 Nc8 28. Nf3 Nb6 29. Kf1 Red8 30. h3 R6d7 31. Ne5 Rd6 32. Nf3 Ne8 33. a4 Nc7 34. Ne5 f6 35. Nf3 Kf7 36. a5 Nc8 37. Na4 c4 38. Nc5 cxb3 39. Nb7 Ne7 40. Nxd8+ Rxd8 41. Rb2 Nc6 42. Rc1 Rd6 43. Rxb3 Nb5 44. Nd4 Ncxd4 45. exd4 Ke7 46. Rb2 Kd7 47. Rbc2 Ke6 48. Rc6 Nxd4 49. Rxd6+ Kxd6 50. Ke1 Nb3 51. Rb1 Nxa5 52. Rb6+ Ke5 53. Rxa6 Nc4 54. Ra2 d4 55. Rc2 Kd5 56. Ke2 f5 57. Kd3 Ne5+ 58. Ke2 d3+ 0-1